Riego deficitario controlado: fundamentos y aplicaciones
Uloženo v:
| Médium: | Kniha |
|---|---|
| Jazyk: | španělština |
| Vydáno: |
Murcia
Mundi Prensa
1995
|
| Edice: | Cuadernos Value, 1
|
| Témata: | |
| Tagy: |
Přidat tag
Žádné tagy, Buďte první, kdo vytvoří štítek k tomuto záznamu!
|
MARC
| LEADER | 00000nam a2200000 a 4500 | ||
|---|---|---|---|
| 001 | UCT9913 | ||
| 003 | CL-VaPUC | ||
| 008 | 970412e19950000SP |||||||||||||||||spa|d | ||
| 020 | |a 8471145901 | ||
| 082 | 0 | 4 | |a 631.7 |b RIE |2 21 |
| 245 | 1 | 0 | |a Riego deficitario controlado: fundamentos y aplicaciones |
| 300 | |a 188 p | ||
| 942 | |c BK | ||
| 945 | |d 19970412 00:00:00 |a rleighto | ||
| 260 | |a Murcia |b Mundi Prensa |c 1995 | ||
| 650 | 0 | |a Sistemas de riego |9 362150 | |
| 650 | 0 | |a Agua de riego |9 260487 | |
| 650 | 0 | |a Humedad del suelo |9 351599 | |
| 650 | 7 | |a RIEGO DEFICITARIO |2 CL-VaPUC |9 383007 | |
| 650 | 7 | |a NECESIDADES DEL AGUA |2 CL-VaPUC |9 383008 | |
| 583 | |a last modification |c 19970412 00:00:00 |k Rodrigo Vera | ||
| 490 | 0 | |a Cuadernos Value, 1 | |
| 999 | |c 258252 |d 258250 | ||
| 952 | |0 0 |1 0 |4 0 |6 631_700000000000000_RIE_1995 |7 0 |8 A |9 282194 |a BIBAGR |b BIBAGR |d 2019-11-19 |i 3287416 |l 1 |o 631.7 RIE 1995 |p 3287416 |r 2025-01-20 |s 2022-04-14 |w 2019-11-19 |y BK |k AGR | ||
| 952 | |0 0 |1 0 |4 0 |6 631_700000000000000_RIE_1995 |7 0 |8 A |9 282195 |a BIBAGR |b BIBAGR |d 2019-11-19 |i 3326438 |o 631.7 RIE 1995 |p 3326438 |r 2025-01-20 |w 2019-11-19 |y BK |k AGR | ||
| 952 | |0 0 |1 0 |4 0 |6 631_700000000000000_RIE_1995 |7 0 |8 A |9 282196 |a BIBAGR |b BIBAGR |d 2019-11-19 |i 3343383 |o 631.7 RIE 1995 |p 3343383 |r 2025-01-20 |w 2019-11-19 |y BK |k AGR | ||
| 952 | |0 0 |1 0 |4 0 |6 631_700000000000000_RIE_1995 |7 0 |8 A |9 282197 |a BIBAGR |b BIBAGR |d 2019-11-19 |i 3878090 |o 631.7 RIE 1995 |p 3878090 |r 2025-01-20 |w 2019-11-19 |y BK |k AGR | ||
| 952 | |0 0 |1 0 |4 0 |6 631_700000000000000_RIE_1995 |7 0 |8 A |9 282198 |a BIBAGR |b BIBAGR |d 2019-11-19 |i 4164458 |o 631.7 RIE 1995 |p 4164458 |r 2025-01-20 |w 2019-11-19 |y BK |k AGR | ||